[Event "Vaujany Principal"]
[Site "?"]
[Date "2013.07.19"]
[Round "9.6"]
[White "Gazik, Igor"]
[Black "Carmaciu, Catalin"]
[Result "1-0"]
[WhiteElo "2319"]
[BlackElo "2416"]
[PlyCount "89"]
[SourceDate "2013.07.27"]

1. e4 c5 2. Nc3 e6 3. Nf3 a6 4. d4 cxd4 5. Nxd4 Qc7 6. Bd3 Nf6 7. O-O d6 8. f4
b5 9. a3 Bb7 10. Kh1 Nbd7 11. Qf3 Nc5 12. Bd2 g6 13. b4 Nxd3 14. cxd3 Bg7 15.
Qh3 O-O 16. f5 exf5 17. exf5 Rae8 18. Rac1 Qb6 19. Qh4 h5 20. h3 Nh7 21. f6 Qd8
22. Bg5 Nxg5 23. Qxg5 Kh7 24. Qh4 Bh6 25. Rce1 Re5 26. Ne4 Bxe4 27. dxe4 Qa8
28. Nf3 Re6 29. Nd4 Re5 30. Nf3 Re6 31. Nd4 Ree8 32. Re2 Rc8 33. g4 Rc4 34. Rd1
Re8 35. gxh5 g5 36. Qg4 Re5 37. Kh2 d5 38. Nf3 Rexe4 39. Rxe4 Rxe4 40. Qf5+ Kh8
41. Rxd5 Qb8+ 42. Kh1 Qe8 43. Ne5 Re1+ 44. Kg2 Bf8 45. Kf2 1-0

[Event "Vaujany Principal"]
[Site "?"]
[Date "2013.07.19"]
[Round "9.7"]
[White "Foisor, Ovidiu-Doru"]
[Black "Van Foreest, Jorden"]
[Result "1-0"]
[WhiteElo "2400"]
[BlackElo "2276"]
[PlyCount "79"]
[SourceDate "2013.07.27"]

1. c4 c6 2. Nc3 d5 3. e3 Nf6 4. Nf3 g6 5. d4 Bg7 6. cxd5 cxd5 7. Bb5+ Bd7 8.
Qb3 Bxb5 9. Qxb5+ Qd7 10. Ne5 Qxb5 11. Nxb5 Na6 12. b3 O-O 13. Ba3 Rfe8 14. Rc1
Rec8 15. Ke2 Bf8 16. f3 Ne8 17. Rxc8 Rxc8 18. Rc1 Ra8 19. g4 f6 20. Nd3 e6 21.
Bxf8 Kxf8 22. h4 h5 $2 23. gxh5 gxh5 24. Nf4 Ng7 25. Nc7 Nxc7 26. Rxc7 b5 27.
Rb7 a6 28. Kd3 Re8 $2 (28... Kg8) 29. Rb6 Nf5 30. Rxa6 Nxh4 31. Nxe6+ Kf7 32.
Nf4 Nxf3 33. Nxh5 Ne1+ 34. Ke2 Nc2 35. Rxf6+ Ke7 36. Rf5 Kd6 37. Rxd5+ Kxd5 38.
Nf6+ Ke6 39. Nxe8 Nb4 40. Nc7+ 1-0

[Event "Vaujany Principal"]
[Site "?"]
[Date "2013.07.19"]
[Round "9.8"]
[White "Olivier, Jean-Christophe"]
[Black "Joie, Sebastien"]
[Result "1-0"]
[WhiteElo "2350"]
[BlackElo "2387"]
[PlyCount "23"]
[SourceDate "2013.07.27"]

1. e4 e5 2. Nf3 Nc6 3. Bb5 a6 4. Ba4 d6 5. c3 Bd7 6. d4 Nf6 7. Qe2 Be7 8. Nbd2
O-O 9. Bxc6 Bxc6 10. dxe5 Nd7 11. exd6 Bxd6 12. Nd4 1-0

[Event "Vaujany Principal"]
[Site "?"]
[Date "2013.07.19"]
[Round "9.10"]
[White "Foisor, Cristina-Adela"]
[Black "Gazik, Viktor"]
[Result "1-0"]
[WhiteElo "2387"]
[BlackElo "2112"]
[PlyCount "137"]
[EventDate "2013.07.27"]
[SourceDate "2013.07.27"]

1. d4 f5 2. g3 Nf6 3. Bg2 g6 4. c4 Bg7 5. Nc3 O-O 6. Nh3 d6 7. d5 Nbd7 8. O-O
Ne5 9. Qc2 c5 10. b3 Rb8 11. Bb2 a6 12. a4 Qe8 13. a5 h6 14. Na4 Nfd7 15. f4
Ng4 16. Bxg7 Kxg7 17. Nf2 Nxf2 18. Rxf2 Nf6 19. Nb6 e5 20. dxe6 Bxe6 21. Rd1
Qe7 22. Rf3 Bd7 23. Rfd3 Bc6 24. Bf3 Rbe8 25. Qb2 Kg8 26. b4 Rf7 27. b5 Be4 28.
Rxd6 g5 29. fxg5 hxg5 30. Qd2 Rg7 31. Rd8 g4 32. Rxe8+ Qxe8 33. Bxe4 Nxe4 34.
Qd8 Re7 35. Qd5+ Rf7 36. Qd8 Qxd8 37. Rxd8+ Kg7 38. Nd5 Nd2 39. Ne3 Nb3 40. Rd5
f4 41. gxf4 axb5 42. cxb5 Nxa5 43. Rg5+ Kh7 44. Rxc5 Rxf4 45. Kg2 Re4 46. Kf2
Kg6 47. b6 Nc6 48. Rc4 Nd4 49. Rc7 Rf4+ 50. Ke1 Re4 51. Kd2 Re6 52. Kd3 Nb3 53.
Nd5 Kg5 54. Rc3 Rd6 55. e4 Na5 56. Ke3 Nc6 57. Rc5 Kh6 58. Kf4 Re6 59. Ne3 Nd4
60. Nxg4+ Kg6 61. Rg5+ Kh7 62. Rd5 Ne2+ 63. Kf5 Rxb6 64. Rd7+ Kg8 65. e5 Rb5
66. Rd2 Ng1 67. Nf6+ Kf7 68. Rd7+ Kf8 69. Kg6 1-0

[Event "Vaujany Principal"]
[Site "?"]
[Date "2013.07.19"]
[Round "9.11"]
[White "Adam, Gyorgy jr"]
[Black "Juhasz, Armin"]
[Result "0-1"]
[WhiteElo "2129"]
[BlackElo "2223"]
[PlyCount "76"]
[SourceDate "2013.07.27"]

1. e4 c6 2. d4 d5 3. e5 Bf5 4. Nf3 e6 5. Bd3 Bxd3 6. Qxd3 Qa5+ 7. Bd2 Qa6 8.
Qxa6 Nxa6 9. a3 Rc8 (9... c5) 10. Nc3 c5 11. Nb5 Nc7 12. Nd6+ (12. Nxa7 Ra8 13.
Ba5 Rxa7 14. Bxc7 Ra6 15. Kd2 Kd7) (12. a4) 12... Bxd6 13. exd6 Na6 (13... Nb5
14. dxc5 Rxc5 15. Bb4 Rxc2 16. a4 Rxb2 17. d7+ Kxd7 18. Bf8) 14. c4 dxc4 15.
O-O-O Nf6 16. Bg5 O-O (16... Nd7 17. d5 (17. Be7 f6) 17... e5 18. Nxe5 Nxe5 19.
Rhe1 f6 20. f4 Kd7) 17. d5 Nb8 18. dxe6 fxe6 19. Rhe1 Rce8 20. Ne5 Nfd7 (20...
Nbd7 $2 21. Bxf6) 21. f4 h6 22. Bh4 Rxf4 23. Ng6 Rg4 24. Ne7+ Kh7 25. Bg3 Nc6
26. Rxe6 Nd4 27. Ree1 h5 28. Nd5 Rge4 29. Rf1 (29. Ne7) 29... h4 30. Rf7 Nb3+
31. Kc2 (31. Kb1 hxg3 32. Rxd7 Re1 $19) 31... Rd4 32. Rxd4 (32. Rxd7 Re2+)
32... Nxd4+ 33. Kd1 hxg3 34. hxg3 (34. Rxd7 gxh2) 34... Rd8 35. Rf4 Nb6 36.
Rh4+ Kg8 37. Ne7+ Kf7 38. Rf4+ Ke6 0-1

[Event "Vaujany Principal"]
[Site "?"]
[Date "2013.07.19"]
[Round "9.12"]
[White "Deleva, Michel"]
[Black "Grimm, Gyorgy"]
[Result "1-0"]
[WhiteElo "2225"]
[BlackElo "2009"]
[PlyCount "47"]
[SourceDate "2013.07.27"]

1. d4 d5 2. c4 dxc4 3. Nf3 c6 4. e4 b5 5. a4 e6 6. Nc3 b4 7. Ne2 Ba6 8. Ng3 c5
9. Be3 cxd4 10. Nxd4 Nf6 11. Rc1 Be7 12. Bxc4 Bxc4 13. Rxc4 O-O 14. O-O Nfd7
15. Rc1 a6 16. Qh5 g6 17. Qe2 e5 18. Nb3 a5 19. Rfd1 f5 20. exf5 gxf5 {
Diagramme #} 21. Nxf5 Bf6 (21... Rxf5 22. Qg4+) 22. Bh6 Re8 23. Qg4+ Kf7 24.
Nd6+ 1-0

[Event "Vaujany Principal"]
[Site "?"]
[Date "2013.07.26"]
[Round "9.13"]
[White "Micottis, Dorian"]
[Black "Grimm, Daniel"]
[Result "1/2-1/2"]
[WhiteElo "2086"]
[BlackElo "2275"]
[PlyCount "119"]
[EventDate "2013.07.27"]
[SourceDate "2013.07.27"]

1. Nf3 Nf6 2. g3 g6 3. Bg2 Bg7 4. O-O O-O 5. d3 d5 6. Nbd2 c5 7. e4 Nc6 8. Re1
e5 9. exd5 Nxd5 10. Nc4 Re8 11. Bg5 f6 12. Bd2 Be6 13. a3 Qd7 14. Rb1 Rac8 15.
b4 cxb4 16. axb4 b5 17. Ne3 Nb6 18. Bf1 Red8 19. c3 Bf7 20. h3 Qb7 21. Nh4 Ne7
22. Rc1 Qd7 23. g4 Na4 24. Qc2 Nc6 25. Qb1 Rc7 26. Qa1 a5 27. c4 Nxb4 28. cxb5
Rxc1 29. Rxc1 Qxb5 30. Rb1 Bf8 31. d4 Qe8 32. Nf3 e4 33. Ne1 Qd7 34. N1c2 Rb8
35. Na3 Nb6 36. Bb5 Qd8 37. Nac4 N6d5 38. Ba4 Nf4 39. Bd1 Nxh3+ 40. Kg2 Nf4+
41. Kf1 Nfd3 42. Qxa5 Qxd4 43. Qc7 Qd8 44. Qxd8 Rxd8 45. Bb3 Nc6 46. Bc3 Be7
47. Rd1 Nc5 48. Rxd8+ Bxd8 49. Bc2 f5 50. gxf5 gxf5 51. Nd6 f4 52. Nxf7 Kxf7
53. Nd5 Bg5 54. Nb4 Nxb4 55. Bxb4 Nd3 56. Bd2 Kg6 57. f3 Kf5 58. fxe4+ Kxe4 59.
Bxd3+ Kxd3 60. Bxf4 1/2-1/2

[Event "Vaujany Principal"]
[Site "?"]
[Date "2013.07.19"]
[Round "9.14"]
[White "Kormos, Adam"]
[Black "Soyer, Jean-Yves"]
[Result "1-0"]
[WhiteElo "2211"]
[BlackElo "2076"]
[PlyCount "39"]
[SourceDate "2013.07.27"]

1. e4 c5 2. Nf3 d6 3. d4 cxd4 4. Nxd4 Nf6 5. Nc3 a6 6. Be3 e5 7. Nb3 Be6 8. Qd2
Nbd7 9. f4 b5 10. a3 Be7 11. O-O-O O-O 12. f5 Bc4 13. g4 Nxg4 14. Rg1 Nxe3 15.
Qxe3 Bxf1 16. Rdxf1 Nf6 17. Qh6 g6 18. Rf3 Kh8 19. fxg6 fxg6 20. Rxg6 1-0

[Event "Vaujany Principal"]
[Site "?"]
[Date "2013.07.19"]
[Round "9.15"]
[White "Houard, Sebastien"]
[Black "Moal, Alain"]
[Result "1-0"]
[WhiteElo "2100"]
[BlackElo "2162"]
[PlyCount "59"]
[SourceDate "2013.07.27"]

1. e4 c5 2. Nc3 Nc6 3. Bb5 Nd4 4. Bc4 e6 5. Nf3 Nf6 6. d3 a6 7. O-O d5 8. exd5
exd5 9. Nxd5 Nxd5 10. Nxd4 cxd4 11. Qh5 Be6 12. Re1 Be7 13. Rxe6 Nf6 14. Rxf6
gxf6 15. Bxf7+ Kd7 16. Bf4 Kc6 17. Re1 Kb6 18. Qe2 Bc5 19. b4 Bd6 20. Qe6 Kc7
21. Qc4+ Kb8 22. Qxd4 Bxf4 23. Qxf4+ Ka7 24. Re6 Rc8 25. Qe3+ Ka8 26. c4 Qd7
27. Bh5 Rhd8 28. Rxa6+ bxa6 29. Bf3+ Kb8 30. Qb6+ 1-0

[Event "Vaujany Principal"]
[Site "?"]
[Date "2013.07.19"]
[Round "9.17"]
[White "Prost, Frederic"]
[Black "Deleva, Mathias"]
[Result "1-0"]
[WhiteElo "2128"]
[BlackElo "2098"]
[PlyCount "51"]
[SourceDate "2013.07.27"]

1. c4 Nf6 2. g3 e6 3. Bg2 d5 4. Nf3 dxc4 5. O-O Be7 6. Na3 O-O 7. Nxc4 c5 8.
Nce5 Nbd7 9. d3 Qc7 10. Nc4 e5 11. Bd2 Rb8 12. Bc3 e4 13. Nfe5 exd3 14. exd3 b5
15. Nc6 bxc4 16. Nxe7+ Kh8 17. Nxc8 Rbxc8 18. dxc4 Rcd8 19. Qc2 Rfe8 20. Rfe1
Qb6 21. Rad1 Nf8 22. b3 Ne6 23. Rxd8 Rxd8 24. Bxf6 gxf6 25. Qf5 Nd4 26. Qh5 1-0

[Event "Vaujany Principal"]
[Site "?"]
[Date "2013.07.19"]
[Round "9.19"]
[White "Adda, Olivier"]
[Black "Georges, Thomas"]
[Result "1-0"]
[WhiteElo "2132"]
[BlackElo "1840"]
[PlyCount "153"]
[EventDate "2013.07.27"]
[SourceDate "2013.07.27"]

1. e4 d6 2. c4 Nf6 3. Nc3 e5 4. Nf3 c5 5. Be2 Be7 6. O-O O-O 7. Ne1 Nc6 8. f4
Nd4 9. f5 b5 10. cxb5 d5 11. exd5 Nxd5 12. Bc4 Nxc3 13. bxc3 Nxf5 14. Qe2 Nd6
15. Bd5 Rb8 16. Qxe5 Bf6 17. Rxf6 Qxf6 18. Qxf6 gxf6 19. a4 Be6 20. Bc6 Nc4 21.
Nd3 Na5 22. Nxc5 Nxc6 23. bxc6 Rfc8 24. Nd7 Bxd7 25. cxd7 Rd8 26. Ba3 Rxd7 27.
d4 Rb3 28. Bb4 Rxd4 29. cxd4 Rxb4 30. Rd1 Kf8 31. Kf2 Ke7 {(=)} 32. a5 Ra4 33.
Rd2 Rxa5 34. Ke3 Kd6 35. Ke4 Ra4 36. g4 a5 37. Rf2 Ra1 38. Rxf6+ Ke7 39. Ra6 a4
40. Ke5 a3 41. Ra7+ Ke8 42. d5 a2 43. Kd6 f6 44. Re7+ Kf8 45. Re2 Kf7 46. Rb2
Kf8 47. Rf2 Kf7 48. g5 f5 49. Rxf5+ Kg6 50. Rf2 Kxg5 51. Rc2 Kf6 52. Kc6 Ke7
53. Re2+ Kd8 54. Kd6 Rb1 55. Rxa2 Rb6+ 56. Ke5 h6 57. h4 Kd7 58. h5 Ke7 59.
Ra7+ Ke8 60. Rg7 Kf8 61. Rg6 Rb1 62. Ke6 Re1+ 63. Kd6 Ke8 64. Rxh6 Ra1 65. Rh8+
Kf7 66. Rc8 Ra6+ 67. Rc6 Ra8 68. Kd7 Rh8 69. Rc1 Kf6 70. d6 Rxh5 71. Re1 Rh7+
72. Kc8 Rh8+ 73. Kc7 Ra8 74. d7 Ra7+ 75. Kc6 Ra6+ 76. Kb7 Rd6 77. Kc7 1-0

[Event "Vaujany Principal"]
[Site "?"]
[Date "2013.07.19"]
[Round "9.25"]
[White "Sonnet, Jean-Pierre"]
[Black "Rosenfeld, Imre"]
[Result "1/2-1/2"]
[WhiteElo "2113"]
[BlackElo "1897"]
[PlyCount "63"]
[EventDate "2013.07.27"]
[SourceDate "2013.07.27"]

1. e4 c6 2. d4 d5 3. e5 c5 4. dxc5 e6 5. Be3 Nd7 6. Nf3 Bxc5 7. Bxc5 Nxc5 8.
Bb5+ Bd7 9. Bxd7+ Nxd7 10. O-O Ne7 11. c3 Ng6 12. Re1 O-O 13. Nbd2 Qc7 14. Qe2
Rfc8 15. h4 Qd8 16. h5 Nh4 17. g3 Nxf3+ 18. Nxf3 Rc4 19. Nd2 Rcc8 20. Nf3 Rc4
21. Nd2 Rcc8 22. Kg2 Qb6 23. Rab1 Qc5 24. Qg4 Qe7 25. Re3 b5 26. Rbe1 Nb6 27.
h6 g6 28. R3e2 a5 29. Qd4 Rab8 30. f4 b4 31. cxb4 axb4 32. Nf3 1/2-1/2